Представление документа в формате MARC21

Поле Инд. ПП Название Значение
Тип записи a
Библиографический уровень m
001 Контрольный номер 9af1f64b-ec35-411c-8b3d-3bb381a7a83f
005 Дата корректировки 20140703152058.7
008 Кодируемые данные 070130
020 c Цена, тираж б/ц
040 a Служба первич. каталог. НБ ТвГУ
041 a Код языка текста rus
080 a Индекс УДК 1(470)(092)"18"(043.3)
084 a Индекс другой классификации/Индекс ББК Ю3(2)51я031
090 a Полочн. индекс Ю3(2)51
x Авторский знак А47
100 1_ a Автор Алексеев Константин Александрович
q Полное имя Алексеев К. А.
245 10 a Заглавие Культура и политика в философии Владимира Соловьева
b Продолж. заглавия автореф. дис. ... канд. филос. наук : 09.00.03
c Ответственность Твер. гос. ун-т, Каф. теории и истории культуры
260 0_ a Место издания Тверь
b Издательство Тверской государственный университет
c Дата издания 2006
300 a Объем 25 с.
500 a Примечание На правах рукоп.
504 a Библиография Библиогр. в конце кн. и в подстроч. примеч.
583 a Действие Получение впервые 10 30.01.2007
650 a Основная рубрика Соловьев, Владимир Сергеевич, о нем
650 a Основная рубрика Философия
x Основная подрубрика История
y Хронологическая подрубрика 19 в.
z Географическая подрубрика Россия
650 a Основная рубрика Русская философия
653 a Ключевые слова Авторефераты
a Ключевые слова История философии
a Ключевые слова Персоналии
a Ключевые слова Русская философия
a Ключевые слова Соловьев
a Ключевые слова Труды Тверского государственного университета
a Ключевые слова Философия
710 a Организация/ юрисдикция Тверской государственный университет
852 t Порядковый номер экземпляра 2
p Инвентарный номер б/н
888 a Бесплатные
901 t Тип документа m
930 a Новая/Ретро авторефераты
a Новая/Ретро персоналии
952 p 10.2007 б/ц 2 б/н
c Вид литературы А/Р н
954 a Дата поступления на обработку 20070131